000 00685nam a2200181Ia 4500
008 090123s9999 xx 000 0 und d
082 _b36851
_a891.463/काकडे
100 _aकाकडे दत्तात्रय सदाशिव
245 _aडागळलेली कैरी
250 _a1
260 _bपार्टनर पब्लिकेशन
_c2004
300 _a215
600 _aकाकडे दत्तात्रय सदाशिव
630 _aडागळलेली कैरी
700 _aकाकडे दत्तात्रय सदाशिव
730 _aडागळलेली कैरी
942 _cBOOK
999 _c74916
_d74916